000
00199 a2200097 4500
001
2214
100
_a
Wrigley
245
_a
Fire Control Principles
260
_a
_b
McGrawHill
_c
090
_c
1621
_d
1621
942
_a
NUST-CAE
_c
M
_c
6903
999
_c
237287
_d
237287